Score 0/85 Timer 10:00
40 Plays Today
Year Club % Correct
2019-2020Norwich City
96%
2015-2016Newcastle United
93.7%
2015-2016Aston Villa
92.7%
2016-2017Sunderland
92.7%
2008-2009Newcastle United
92.5%
2019-2020AFC Bournemouth
92.3%
2019-2020Watford
92.2%
2002-2003West Ham United
90.2%
2018-2019Fulham
90.2%
2015-2016Norwich City
89.7%
2013-2014Norwich City
89.5%
2005-2006Sunderland
89.3%
2002-2003Sunderland
89.3%
1996-1997Sunderland
89.3%
2018-2019Cardiff City
89.1%
2017-2018Swansea City
88.4%
2003-2004Leeds United
87.2%
2004-2005Norwich City
87.1%
1994-1995Norwich City
87.1%
2008-2009West Bromwich Albion
86.8%
2005-2006West Bromwich Albion
86.8%
2002-2003West Bromwich Albion
86.8%
2013-2014Fulham
85.5%
2013-2014Cardiff City
85.4%
2011-2012Blackburn Rovers
84.7%
2018-2019Huddersfield Town
84.7%
2017-2018Stoke City
83.8%
2016-2017Middlesbrough
83.8%
2007-2008Birmingham City
83.8%
Year Club % Correct
2005-2006Birmingham City
83.8%
2012-2013Queens Park Rangers
83.7%
2014-2015Hull City
83.6%
2004-2005Southampton
83.5%
2009-2010Portsmouth
83.4%
2011-2012Wolverhampton Wanderers
83.4%
1998-1999Blackburn Rovers
83.2%
1995-1996Queens Park Rangers
82.8%
2007-2008Derby County
82.6%
2001-2002Derby County
82.6%
2003-2004Wolverhampton Wanderers
82.6%
2000-2001Manchester City
82.4%
1995-1996Manchester City
82.4%
2008-2009Middlesbrough
82.3%
1996-1997Middlesbrough
82.3%
1992-1993Middlesbrough
82.3%
2017-2018West Bromwich Albion
82.2%
2011-2012Bolton Wanderers
81.9%
2009-2010Hull City
81.8%
2014-2015Queens Park Rangers
81.4%
1997-1998Bolton Wanderers
81.4%
1995-1996Bolton Wanderers
81.4%
2016-2017Hull City
81.4%
2014-2015Burnley
80.9%
2006-2007Sheffield United
79.8%
1993-1994Sheffield United
79.8%
2010-2011West Ham United
79.8%
2009-2010Burnley
78.7%
2004-2005Crystal Palace
78.7%
Year Club % Correct
1997-1998Crystal Palace
78.7%
1994-1995Crystal Palace
78.7%
1992-1993Crystal Palace
78.7%
1999-2000Sheffield Wednesday
78.4%
2012-2013Wigan Athletic
77.8%
2003-2004Leicester City
77.5%
2001-2002Leicester City
77.5%
1994-1995Leicester City
77.5%
2001-2002Ipswich Town
74.5%
1994-1995Ipswich Town
74.5%
2010-2011Birmingham City
74.1%
2007-2008Reading
73.9%
2006-2007Charlton Athletic
73.6%
1998-1999Charlton Athletic
73.6%
1998-1999Nottingham Forest
73.2%
1996-1997Nottingham Forest
73.2%
1992-1993Nottingham Forest
73.2%
2012-2013Reading
73.1%
2006-2007Watford
70.4%
1999-2000Watford
70.4%
2010-2011Blackpool
69%
1999-2000Wimbledon
66.1%
1997-1998Barnsley
64%
2000-2001Coventry City
63.8%
2000-2001Bradford City
61.9%
1993-1994Swindon Town
59.2%
1993-1994Oldham Athletic
59.1%
Remove Ads.
Support Sporcle.
Get the best of Sporcle when you Go Orange. This ad-free experience offers more features, more stats, and more fun while also helping to support Sporcle. Thank you for becoming a member.

You're not logged in!

Compare scores with friends on all Sporcle quizzes.
OR
Log In

Sporcle TV

Today on Sporcle TV


Watch our educational content, quiz creation guides, and fun videos on Sporcle TV.

Show Comments

Extras

Top Quizzes Today


Score Distribution

Paid Content

Your Account Isn't Verified!

In order to create a playlist on Sporcle, you need to verify the email address you used during registration. Go to your Sporcle Settings to finish the process.

Report this User

Report this user for behavior that violates our Community Guidelines.

Details: